Die "Brünner Emigration" als diplomatischer Konfliktstoff zwischen Wien und Prag
| Titel: | Die "Brünner Emigration" als diplomatischer Konfliktstoff zwischen Wien und Prag |
|---|---|
| Verfasser: | |
| In: |
Kontakte und Konflikte, (1993), Seite 413-428 alle Artikel anzeigen |
| Veröffentlicht: | 1993 |
| Format: | Aufsatz |
| Sprache: | Deutsch |
X
alg: 39222292
001A $01999:11-11-16
001B $01999:26-04-21 $t20:16:05.000
001D $01999:11-11-16
001U $0utf8
001X $00
002@ $0Aox
003@ $0392222922
007A $0392222922 $aHEB
007T $0Herdc0042805m
010@ $ager
011@ $a1993
021A $aDie @"Brünner Emigration" als diplomatischer Konfliktstoff zwischen Wien und Prag
028A $aHöslinger $dChristoph
031A $h413-428 $j1993
039B $aIn $8--Aauc--. @Kontakte und Konflikte. - Horn {[u.a.] : Waldviertler Heimatbund, 1993. - 553 S.. - Ill., graph. Darst., Kt.. - ISBN 3-900708-10-X $x199300000000000587 $9027138232
045F $a909 $eDDC23BSB
045F/01 $a909
045F/03 $g4371
lok: 39222292 78
exp: 39222292 78 1 #EPN
201B/01 $027-11-18 $t22:56:45.000
201U/01 $0utf8
203@/01 $0788319183
208@/01 $a11-11-16 $be
209A/01 $a/ $f000 $x00
220C/01 $aTitelaufnehmer: nk;an
220C/01 $aHerkunft: HI Marburg
244Z/01 $#Tschechien $#Tschechische Republik $#Tschechische Republik $#Tschechenland $#Tschechei Tschechien $#Česká Republika $#Czech Republic $#ČR $74303381-7 $8--Tg1--Tschechien $x01 $9086659812
244Z/01 $2Trx $#Böhmen $#Bohemia $#Czechy $8--Trx--Čechy $x02 $9391188941
244Z/01 $#Prag $#Hlavni Město Praha $#Hauptstadt Prag $#Prag Kraj $#Bezirk Prag $#Praha $#Prague $#Praga $#Praag $74076310-9 $8--Tg1--Prag $x03 $9085216283
244Z/01 $#Brünn $#Město Brno $#Brno $#Bruna $#Brunna $#Brinna $#Brinnium $#Bruenna $#Eburodunum $74008456-5 $8--Tg1--Brünn $x04 $9085014818
244Z/01 $aGeschichte 1934-1937 $x05
244Z/01 $2Trx $#väljarändamine $#emigracija $#emigration $#kivándorlás $#emigracja $#emigrácia $#emigrace $#Emigration $#vysťahovalectvo $#vystěhovalectví $8--Trx--Auswanderung $x06 $9391375334
244Z/01 $2Trx $#pagendus $#išeivija $#exile $#számüzetés $#wychodźstwo $#exil $#exil $8--Trx--Exil $x07 $9391369601
244Z/01 $2Trx $#sotsiaaldemokraadid $#socialdemokratai $#social democrats $#szociáldemokraták $#socjaldemokraci $#sociálni demokrati $#sociální demokraté $8--Trx--Sozialdemokraten $x08 $939135826X
244Z/01 $2Trx $#suhted, Austria-Tšehhoslovakkia $#santykiai, Austrijos ir Čekoslovakijos $#relations, Austrian-Czechoslovakian $#kapcsolatok, csehszlovák-osztrák $#stosunki austriacko-czechosłowackie $#vzťahy československo-rakúske $#vztahy československo-rakouské $8--Trx--Beziehungen, österreichisch-tschechoslowakische $x09 $9391378236
244Z/01 $2Trx $8--Trx--Einzelbeiträge $x10 $9391384570
245Z/01 $a07.07 $x01
247C/01 $82080>Marburg/Lahn, Herder-Institut, Forschungsbibliothek, Bibliographieportal $9336309341
| LEADER | 00000caa a22000002c 4500 | ||
|---|---|---|---|
| 001 | 392222922 | ||
| 003 | DE-603 | ||
| 005 | 20210426201605.0 | ||
| 007 | tu | ||
| 008 | 161111s1993 xx |||| | u00||u|ger c | ||
| 035 | |a (DE-599)HEB392222922 | ||
| 040 | |a DE-603 |b ger |c DE-603 |d DE-603 | ||
| 041 | |a ger | ||
| 082 | 0 | 4 | |8 1\u |a 909 |q DE-101 |2 23/BSB |
| 085 | |8 1\u |b 909 | ||
| 085 | |8 1\u |z 2 |s 4371 | ||
| 100 | 1 | |a Höslinger, Christoph | |
| 245 | 0 | 0 | |a Die "Brünner Emigration" als diplomatischer Konfliktstoff zwischen Wien und Prag |
| 264 | 0 | |c 1993 | |
| 773 | 0 | 8 | |i In |t Kontakte und Konflikte |d Horn [u.a.] : Waldviertler Heimatbund, 1993 |h 553 S., Ill., graph. Darst., Kt. |z 390070810X |g (1993), Seite 413-428 |w (DE-603)027138232 |
| 924 | 0 | |9 2080 |a (DE-603)788319183 |b DE-2080 |c HES |d d |g / | |


